000
00346nam a2200121Ia 4500
008
191206s9999 xx 000 0 und d
090
_a
ALCS87669515P
245
0
_a
[Shona language publications]
260
_a
s.n.]
260
_c
c[19--?]-1989
300
_a
26 v. in 1 box : ill. ; 18-30 cm.
999
_c
15330
_d
15330